Wszyscy zwycięzcy FA Cup - Statystyki

Ogólne statystyki
  • Ten quiz został rozwiązany 33 razy
  • Średni wynik to 93 z 144
Statystyki odpowiedzi
Rok Wygrany % Poprawnych
1930 | 1936 | 1950 | +11 others Arsenal Londyn
97%
1904 | 1934 | 1956 | +4 others Manchester City
97%
1970 | 1997 | 2000 | +5 others Chelsea Londyn
94%
1909 | 1948 | 1963 | +10 others Manchester United
94%
1965 | 1974 | 1986 | +5 others Liverpool FC
90%
1887 | 1895 | 1897 | +4 others Aston Villa
87%
1901 | 1921 | 1961 | +5 others Tottenham Hotspur
84%
1910 | 1924 | 1932 | +3 others Newcastle United
81%
1964 | 1975 | 1980 West Ham United
81%
2025 Crystal Palace
74%
2021 Leicester City
71%
1898 | 1959 Nottingham Forest
71%
1906 | 1933 | 1966 | +2 others Everton FC
68%
1976 Southampton FC
58%
1937 | 1973 Sunderland AFC
58%
1914 Burnley FC
55%
1972 Leeds United
55%
1899 | 1902 | 1915 | 1925 Sheffield United
55%
1893 | 1908 | 1949 | 1960 Wolverhampton Wanderers
55%
1884 | 1885 | 1886 | +3 others Blackburn Rovers
45%
1978 Ipswich Town
45%
1923 | 1926 | 1929 | 1958 Bolton Wanderers
39%
1927 Cardiff City
39%
1987 Coventry City
39%
1939 | 2008 Portsmouth
39%
1947 Charlton Athletic
35%
1946 Derby County
35%
1935 Sheffield Wednesday
35%
1896 | 1907 The Wednesday
35%
1889 | 1938 Preston North End
29%
1888 | 1892 | 1931 | +2 others West Bromwich Albion
29%
2013 Wigan Athletic
29%
1953 Blackpool FC
26%
1922 Huddersfield Town
26%
1894 Notts County
26%
1988 Wimbledon FC
26%
1911 Bradford City
16%
1874 Oxford University
16%
1912 Barnsley FC
13%
1900 | 1903 Bury FC
6%
1881 Old Carthusians
3%
1879 | 1882 Old Etonians
3%
1872 | 1873 | 1876 | +2 others Wanderers FC
3%
1883 Blackburn Olympic
0%
1880 Clapham Rovers
0%
1875 Royal Engineers
0%
Nie znaleziono quizów pasujących do podanych kryteriów
Rozkład punktacji
Procent ludzi z każdym wynikiem
Percentyl według liczby udzielonych odpowiedzi
Twoja historia wyników
Nie rozwiązałeś tego quizu